000 00636nam a22001937a 4500
001 85736
003 BD-RjUL
005 20250918094934.0
008 250918s1943 pk ||||| |||| 00| p eng d
035 _a(BD-RjUL)85736
040 _aBD-RjUL
_beng
_cBD-RjUL
041 _aurd
082 _223
_a891.4391
_bMAN 1943
100 _a‏(مليح‌آبادى)., ‏جوش ‏ Malīḥābādī)., Josh
_d1898-1982
_916931
245 _aنقش و نگار / Naqsh o nigār /
_c‏ ‏جوش مليح‌آبادى،‏ , / Josh (Malīḥābādī).
260 _aLahore :
_bmaktuba i urdu ,
_c1943
300 _a175 p. ;
_c17 cm
942 _2ddc
_cBK
999 _c85736
_d85736